| 000 | 00390nam a2200169Ia 4500 | ||
|---|---|---|---|
| 003 | IT-RoPAU | ||
| 008 | 120407s9999 xx 000 0 und d | ||
| 040 | _aIT-RoPAU | ||
| 040 | _cIT-RoPAU | ||
| 100 | _aRichard Mohr | ||
| 245 | _aL'etica cristiana nella luce dell'etnologia | ||
| 260 | _aEdizioni Paoline | ||
| 300 | _c cm | ||
| 490 | _v1 | ||
| 600 | _acollana Catholica | ||
| 942 | _cBK | ||
| 999 |
_c4353 _d4353 |
||